Rise in factory outlet space. (Record no. 61419)
[ view plain ]
| 000 -LEADER | |
|---|---|
| fixed length control field | 00529cam a2200157 4500 |
| 001 - CONTROL NUMBER | |
| control field | WB3526-08 |
| 008 - FIXED-LENGTH DATA ELEMENTS--GENERAL INFORMATION | |
| fixed length control field | 000000n1999 000 0 eng u |
| 035 ## - SYSTEM CONTROL NUMBER | |
| System control number | (Sirsi) u102403 |
| 245 ## - TITLE STATEMENT | |
| Title | Rise in factory outlet space. |
| 260 ## - PUBLICATION, DISTRIBUTION, ETC. | |
| Date of publication, distribution, etc. | 1999 |
| 490 ## - SERIES STATEMENT | |
| Series statement | Birmingham Post |
| Volume/sequential designation | Business Property Review 8 July 1999, 25(1) |
| 520 ## - SUMMARY, ETC. | |
| Summary, etc. | DTZ Debenham Thorpe has published a report containing detailed analysis of the European factory outlet market. |
| 650 ## - SUBJECT ADDED ENTRY--TOPICAL TERM | |
| Topical term or geographic name entry element | FACTORY OUTLETS |
| 690 ## - LOCAL SUBJECT ADDED ENTRY--TOPICAL TERM (OCLC, RLIN) | |
| Topical term or geographic name as entry element | PROPERTY-COMMERCIAL PROPERTY |
| 942 ## - ADDED ENTRY ELEMENTS (KOHA) | |
| Suppress in OPAC | 0 |
| Withdrawn status | Lost status | Source of classification or shelving scheme | Damaged status | Not for loan | Home library | Current library | Shelving location | Date acquired | Total Checkouts | Full call number | Barcode | Date last seen | Copy number | Price effective from | Koha item type |
|---|---|---|---|---|---|---|---|---|---|---|---|---|---|---|---|
| Dewey Decimal Classification | London | London | News article | 19/11/1999 | WB3526-08 | 102403-1001 | 06/08/2019 | 1 | 06/08/2019 | News article |